000 00399nam a2200181Ia 4500
005 20250423094922.0
008 250422s9999 xx 000 0 und d
020 _a0-515-12021-9
050 _aPS 3551 .I339 C68/
100 _aAiken, Ginny
245 0 _aCounty fair
260 _aNew York
260 _bJove Book
260 _c1997
300 _a325 p
650 _aLiterature
942 _cBK
999 _c28690
_d28690